The finite element method for three-dimensional thermomechanical applications

Gespeichert in:
Bibliographische Detailangaben
1. Verfasser: Dhondt, Guido
Format: Buch
Sprache:Undetermined
Veröffentlicht: New Jersey John Wiley & Sons, Ltd 2004
Schlagworte:
Tags: Tag hinzufügen
Keine Tags, Fügen Sie den ersten Tag hinzu!
Thư viện lưu trữ: Trung tâm Học liệu Trường Đại học Cần Thơ
LEADER 00605nam a2200205Ia 4500
001 CTU_88076
008 210402s9999 xx 000 0 und d
020 |c 116.40 
082 |a 620.1121 
082 |b D535 
100 |a Dhondt, Guido 
245 4 |a The finite element method for three-dimensional thermomechanical applications 
245 0 |c Guido Dhondt 
260 |a New Jersey 
260 |b John Wiley & Sons, Ltd 
260 |c 2004 
650 |a Thermal stresses,Finite element method 
650 |x Mathematical models 
904 |i Truc 
980 |a Trung tâm Học liệu Trường Đại học Cần Thơ